Medzinárodný účtovný štandard IAS 17 a účtovanie leasingu podľa predpisov platných v Slovenskej republike

Leasing ako forma financovania obstarania investičného majetku. Účtovanie a výkazníctvo subjektov leasingového vzťahu. Vypovedacia schopnosť účtovných výkazov leasingovej spoločnosti.

Gespeichert in:
Bibliographische Detailangaben
1. Verfasser: Spišák, R.
Format: Buchkapitel
Sprache:Slowakisch
Schlagworte:
Tags: Tag hinzufügen
Keine Tags, Fügen Sie das erste Tag hinzu!

MARC

LEADER 00000naa a2200000 4500
001 r028105
005 20230925122146.7
041 0 |a slo 
044 |a SK 
245 1 0 |a Medzinárodný účtovný štandard IAS 17 a účtovanie leasingu podľa predpisov platných v Slovenskej republike  |c R. Spišák 
520 |a Leasing ako forma financovania obstarania investičného majetku. Účtovanie a výkazníctvo subjektov leasingového vzťahu. Vypovedacia schopnosť účtovných výkazov leasingovej spoločnosti. 
610 2 0 |a lízing 
610 2 0 |a výkazy účtovné 
610 2 0 |a účtovanie 
610 2 0 |a spoločnosti lízingové 
610 2 0 |a Slovensko 
610 2 0 |a IAS 17 
100 1 |a Spišák, R.